HISTORY of the world: earliest times to the present day
Guardat en:
| Format: | Llibre |
|---|---|
| Idioma: | anglès |
| Publicat: |
World Publications Group, 2015. 921p.
2015
|
| Etiquetes: |
Afegir etiqueta
Sense etiquetes, Sigues el primer a etiquetar aquest registre!
|
MARC
| LEADER | 00000nam a22000007a 4500 | ||
|---|---|---|---|
| 008 | 201222b ||||| |||| 00| 0 eng d | ||
| 020 | |a ISBN: 978-1-4643-0481-1 | ||
| 245 | |a HISTORY of the world: earliest times to the present day |c John Whitney Hall, John Grayson Kirk.- |g 921p. | ||
| 260 | |b World Publications Group, 2015. 921p. |c 2015 |h East Bridgewater |i 691563, |i 691564 |l D21 .H62 |m World history | ||
| 942 | |a lcc |c BK |e Olagoke,M .A |f 22/12/2020 | ||
| 952 | |0 0 |1 0 |2 lcc |4 0 |7 0 |9 1100 |a HOL |b ART |c AF |d 2020-12-22 |o D21 .H62 |p 2020-230313 |r 2020-12-22 00:00:00 |w 2020-12-22 |y BK | ||
| 952 | |0 0 |1 0 |2 lcc |4 0 |6 D0021 H62 |7 0 |9 1101 |a HOL |b ART |c AF |d 2020-12-22 |l 0 |o D21 .H62 |p 2020-230314 |r 2020-12-22 00:00:00 |w 2020-12-22 |y BK | ||
| 952 | |0 0 |1 0 |2 lcc |4 0 |6 D0021 H62 |7 0 |9 1433 |a HOL |b ART |d 2021-01-21 |l 0 |o D21 .H62 |p 2021-0232 |r 2021-01-21 00:00:00 |w 2021-01-21 |y BK | ||
| 999 | |c 573 |d 573 | ||